000 00928nam a2200277 i 4500
003 EG-GICUC
005 20260415110014.0
008 260415s1970 fr a|||frb||| 00| 0 fre d
040 _aEG-GiCUC
_bfre
_cEG-GiCUC
_dEG-GiCUC
_eRda
082 0 4 _221
_a343.3
_bCH . T
092 0 4 _221
099 _aLaw1 10 343.3 CH . T 1970
100 1 _aParra, charles
_eAuteur
245 1 0 _aTraité de peocédure pénale policière /
_cCharles parra, jean montreuil, raymond marcellin.
264 _aParis :
_bQuillet editeur,
_c1970.
300 _a719 page :
_billustration ;
_c 24 cm.
336 _2rda contenu
_a texte
337 _2rda medias
_aOrdinateur
338 _2 transporteur rda
_a Ressource en ligne
504 _aBibliography: pages 718,719
650 1 _aDroit de procédure pénale
_2qrmak
651 1 _2qrmak
856 4 0 _uhttps://fll.law.cu.edu.eg/fulltext/bks/B10-08949.pdf
905 _a161
942 _2ddc
_cBK
_e21
_n0
999 _c71021
_d71021